Statistiques concernant Tous Les Clubs Ayant Joue En Lique 1

Cliquez ici pour prendre le quiz!

Statistiques générales

  • Ce quiz a été pris 18 fois
  • Le résultat moyen est 17 sur 69

Statistiques - réponses

Réponse% Correct
PSG
100%
Lyon
73%
Caen
53%
St Etienne
53%
Auxerre
47%
Bordeaux
47%
Grenoble
47%
Laval
47%
Le Havre
47%
Lille
47%
Nice
47%
Amiens
40%
Clermont
40%
Dijon
40%
Lens
40%
Lorient
40%
Metz
40%
Monaco
40%
Montpellier
40%
Nancy
40%
Nantes
40%
Strasbourg
40%
Ajaccio
33%
Angers
33%
Bastia
33%
Paris FC
33%
Reims
33%
Sedan
33%
Sochaux
33%
Toulouse
33%
Troyes
33%
Valenciennes
33%
Guingamp
27%
Le Mans
27%
Olympique Lillois
27%
Red Star
27%
Rouen
27%
Arles-Avignon
20%
Boulogne
20%
Istres
20%
Toulon
20%
Tours
20%
Aix
13%
Cannes
13%
Marseilles
13%
Mulhouse
13%
Nimes
13%
Niort
13%
Antibes
7%
Chateauroux
7%
Limoges
7%
Martigues
7%
Sete
7%
Ales
0%
Angouleme
0%
Avignon
0%
Beziers
0%
CA Paris
0%
Club Francais
0%
Colmar
0%
Excelsior Roubaix
0%
Fives
0%
Gazalec Ajaccio
0%
Gueugnon
0%
Hyeres
0%
RC Paris
0%
RC Roubaix
0%
Roubaix-Tourcoing
0%
Stade Francais
0%

Distribution des résultats

Percentile par nombre de réponses

% des personnes avec chaque résultat

Votre développement - résultats

Vous n’avez pas pris ce quiz